Agile Project Management for Dummies /

Gespeichert in:
Bibliographische Detailangaben
Hauptverfasser: Layton, Mark C. (Verfasst von), Ostermiller, Steve J (Verfasst von), Kynaston, Dean J. (Verfasst von)
Format: Buch
Sprache:Englisch
Veröffentlicht: Hoboken John Wiley 2020
Ausgabe:3rd Ed.
Schlagworte:
Tags: Tag hinzufügen
Keine Tags, Fügen Sie das erste Tag hinzu!

MARC

LEADER 00000nam a22000003a 4500
001 0098686
003 SK-STU
005 20221129090618.5
007 ta
008 221129s ----xo-----e------000-0-----d
020 |a 978-1-119-67699-7 
040 |a STU  |b slo 
041 0 |a eng 
044 |a xxu 
100 1 |a Layton, Mark C.  |4 aut 
245 1 0 |a Agile Project Management for Dummies /  |c aut. Mark C Layton, Steve J Ostermiller, Dean J Kynaston 
250 |a 3rd Ed. 
260 |a Hoboken  |b John Wiley  |c 2020 
300 |a 470 s. 
650 0 7 |a manažment projektový 
700 1 |a Ostermiller, Steve J  |4 aut 
700 1 |a Kynaston, Dean J.  |4 aut 
996 |b 284M089173  |c M* 14664-1  |l MMST  |s A  |a 24  |w 0098686_0001